| 000 | 00685nam a2200241 i 4500 | ||
|---|---|---|---|
| 001 | 92593 | ||
| 003 | ES-MaACL | ||
| 005 | 20230906181017.0 | ||
| 007 | t| | ||
| 008 | 050406s1995 sp ||||1| spa d | ||
| 020 | _a84-7223-882-2 | ||
| 080 | _a821.134.2-993"19" | ||
| 100 | 1 |
_aGonzález Frei, Irene. _958638 |
|
| 245 | 1 | 0 |
_aTu nombre escrito en el agua / _cIrene González Frei. |
| 250 | _a1ª ed. | ||
| 260 |
_aBarcelona : _bTusquets, _c1995. |
||
| 300 |
_a288 p. ; _c20 cm. |
||
| 490 | 1 |
_aLa sonrisa vertical ; _v91 |
|
| 586 | _aXVII Premio La sonrisa vertical | ||
| 830 | 1 |
_aLa sonrisa vertical ; _v91 _9180622 |
|
| 852 | 4 |
_aES-MaACL _jE-10926 |
|
| 999 |
_c92593 _d92593 |
||